|
|
|
|
| LEADER |
01560nam a22004097a 4500 |
| 001 |
28746 |
| 003 |
BD-DhAAL |
| 005 |
20141230122402.0 |
| 008 |
141230s2013 nyuab b 001 0 eng d |
| 010 |
|
|
|a 2012936646
|
| 020 |
|
|
|a 9781461437574 (alk. paper)
|
| 020 |
|
|
|a 1461437571 (alk. paper)
|
| 020 |
|
|
|a 9781461437581 (ebk.)
|
| 035 |
|
|
|a (OCoLC)ocn823247439
|
| 040 |
|
|
|a IND
|b eng
|c IND
|d IXA
|d OCLCF
|d DLC
|d BD-DhAAL
|
| 042 |
|
|
|a lccopycat
|
| 050 |
0 |
0 |
|a TL870
|b .A38 2013
|
| 082 |
0 |
0 |
|a 629.401/1
|2 23
|
| 100 |
1 |
|
|a Aguirre, Miguel A.
|9 7020
|
| 245 |
1 |
0 |
|a Introduction to space systems :
|b design and synthesis /
|c Miguel A. Aguirre.
|
| 260 |
|
|
|a New York :
|b Springer,
|c c2013.
|
| 300 |
|
|
|a xxix, 480 p. :
|b ill. (some col.), maps (some col.) ;
|c 24 cm.
|
| 490 |
1 |
|
|a Space technology library
|
| 500 |
|
|
|a Includes bibliographical references and index.
|
| 541 |
|
|
|e 28746
|
| 650 |
|
0 |
|a Astronautics
|x Systems engineering.
|9 7021
|
| 650 |
|
0 |
|a Space vehicles
|x Design and construction.
|9 7022
|
| 650 |
|
0 |
|a Aerospace engineering.
|9 7023
|
| 650 |
|
0 |
|a Astronautics.
|9 7024
|
| 650 |
|
7 |
|a Aerospace engineering.
|2 fast
|9 7025
|
| 650 |
|
7 |
|a Astronautics.
|2 fast
|9 7026
|
| 650 |
|
7 |
|a Astronautics
|x Systems engineering.
|2 fast
|9 7027
|
| 650 |
|
7 |
|a Space vehicles
|x Design and construction.
|2 fast
|9 7028
|
| 830 |
|
0 |
|a Space technology library.
|9 7029
|
| 942 |
|
|
|2 ddc
|c BK
|
| 999 |
|
|
|c 33361
|d 33361
|
| 952 |
|
|
|0 0
|1 0
|2 ddc
|4 0
|6 629_401100000000000_AGU
|7 0
|9 44559
|a BRACUL
|b BRACUL
|c GEN
|d 2014-12-30
|l 3
|m 30
|o 629.4011 AGU
|p 3010028746
|r 2026-02-07
|s 2025-12-07
|t 1
|w 2014-12-30
|y BK
|